[Event "FICGS rapid D 000131 email"]
[Site "FICGS email"]
[Date "2020.03.06"]
[Round "1"]
[White "Kofinas, Xristos"]
[Black "Kehayov, Yulian"]
[Result "1-0"]
[WhiteElo "1461"]
[BlackElo "1327"]
[PlyCount "43"]
[EventDate "2020.??.??"]
[EventType "tourn (rapid)"]
[EventRounds "5"]
[SourceTitle "Corr 2022"]
[Source "ChessBase"]
[SourceDate "2021.10.24"]
[SourceVersion "1"]
[SourceVersionDate "2021.10.24"]
[SourceQuality "1"]

1. e4 c5 2. Nf3 d6 3. d4 cxd4 4. Nxd4 Nf6 5. Nc3 a6 6. Rg1 b5 7. g4 Bb7 8. Bg2 e6 9. g5 Nfd7 10. Be3 g6 11. f4 Bg7 12. f5 e5 13. Ne6 fxe6 14. Qxd6 exf5 15. exf5 gxf5 16. Bxb7 b4 17. Nd5 Bf8 18. Qe6+ Be7 19. g6 hxg6 20. Qxg6+ Kf8 21. Bh6+ Rxh6 22. Qg8# 1-0

[Event "FICGS rapid D 000131 email"]
[Site "FICGS email"]
[Date "2020.03.06"]
[Round "1"]
[White "Trigance, Emile"]
[Black "Kofinas, Xristos"]
[Result "0-1"]
[WhiteElo "1657"]
[BlackElo "1461"]
[PlyCount "40"]
[EventDate "2020.??.??"]
[EventType "tourn (rapid)"]
[EventRounds "5"]
[SourceTitle "Corr 2022"]
[Source "ChessBase"]
[SourceDate "2021.10.24"]
[SourceVersion "1"]
[SourceVersionDate "2021.10.24"]
[SourceQuality "1"]

1. e4 e6 2. d4 d5 3. Nc3 Bb4 4. e5 c5 5. a3 Bxc3+ 6. bxc3 Ne7 7. Qg4 Qc7 8. Qxg7 Rg8 9. Qxh7 cxd4 10. Ne2 Nbc6 11. f4 dxc3 12. Qd3 d4 13. Nxd4 Nxd4 14. Qxd4 Bd7 15. g3 Qc6 16. Rg1 Nf5 17. Qb4 a5 18. Qb3 Qe4+ 19. Be2 Nd4 20. Qc4 Bb5 0-1

[Event "FICGS W-ch st1 g04 email"]
[Site "FICGS email"]
[Date "2020.03.01"]
[Round "1"]
[White "Kofinas, Xristos"]
[Black "Hallqvist, Niklas"]
[Result "0-1"]
[WhiteElo "1461"]
[BlackElo "1892"]
[PlyCount "64"]
[EventDate "2020.??.??"]
[EventType "tourn (corr)"]
[EventRounds "8"]
[SourceTitle "Corr 2022"]
[Source "ChessBase"]
[SourceDate "2021.10.24"]
[SourceVersion "1"]
[SourceVersionDate "2021.10.24"]
[SourceQuality "1"]

1. e4 e6 2. d4 d5 3. Nc3 Bb4 4. e5 c5 5. Bd2 Ne7 6. Nb5 Bxd2+ 7. Qxd2 0-0 8. f4 a6 9. Nd6 cxd4 10. Nf3 Nec6 11. Nxd4 Nxd4 12. Qxd4 f6 13. Qc3 Nc6 14. h4 fxe5 15. fxe5 Bd7 16. 0-0-0 b5 17. Be2 Qb6 18. Rhf1 Rf2 19. Bg4 Raf8 20. Rxf2 Qxf2 21. Bxe6+ Bxe6 22. Qxc6 Qxh4 23. Kb1 Qd4 24. Rc1 Qxe5 25. Qxa6 Bd7 26. Nb7 d4 27. Qa3 Bc6 28. Nc5 h5 29. Nd3 Qg5 30. Ne1 Rf1 31. Qh3 Qe3 32. Nd3 Rxc1+ 0-1

[Event "FICGS W-ch st1 g04 email"]
[Site "FICGS email"]
[Date "2020.03.01"]
[Round "1"]
[White "Payzansky, Aleksey"]
[Black "Kofinas, Xristos"]
[Result "1-0"]
[WhiteElo "1877"]
[BlackElo "1461"]
[PlyCount "51"]
[EventDate "2020.??.??"]
[EventType "tourn (corr)"]
[EventRounds "8"]
[SourceTitle "Corr 2022"]
[Source "ChessBase"]
[SourceDate "2021.10.24"]
[SourceVersion "1"]
[SourceVersionDate "2021.10.24"]
[SourceQuality "1"]

1. e4 e6 2. d4 d5 3. Nc3 Bb4 4. e5 c5 5. a3 Bxc3+ 6. bxc3 Ne7 7. Qg4 Qc7 8. Qxg7 Rg8 9. Qxh7 cxd4 10. Qd3 dxc3 11. Ne2 Nbc6 12. Qxc3 Qxe5 13. Qxe5 Nxe5 14. Nf4 Bd7 15. Nh5 0-0-0 16. h4 Rh8 17. Be2 N5c6 18. Bg5 e5 19. 0-0-0 f5 20. Nf6 Be6 21. h5 Rd6 22. h6 Nd4 23. Bh5 Rc6 24. Rxd4 exd4 25. Be8 Rd6 26. Re1 1-0

[Event "FICGS class B 000139 email"]
[Site "FICGS email"]
[Date "2011.02.22"]
[Round "1"]
[White "Mueller Toepler, Michael"]
[Black "Kofinas, Xristos"]
[Result "1-0"]
[WhiteElo "1853"]
[BlackElo "1946"]
[PlyCount "21"]
[EventDate "2011.??.??"]
[EventType "tourn (corr)"]
[EventRounds "6"]
[SourceTitle "Corr 2013"]
[Source "ChessBase"]
[SourceDate "2012.11.12"]
[SourceVersion "1"]
[SourceVersionDate "2012.11.12"]
[SourceQuality "1"]

1. d4 d5 2. c4 e6 3. Nf3 Nf6 4. Bg5 Be7 5. Nc3 0-0 6. e3 b6 7. cxd5 exd5 8. Bd3 Bb7 9. 0-0 Nbd7 10. Qc2 h6 11. Bf4 1-0

[Event "FICGS class B 000139 email"]
[Site "FICGS email"]
[Date "2011.02.22"]
[Round "1"]
[White "Velasco, Josep"]
[Black "Kofinas, Xristos"]
[Result "1-0"]
[WhiteElo "1800"]
[BlackElo "1946"]
[PlyCount "51"]
[EventDate "2011.??.??"]
[EventType "tourn (corr)"]
[EventRounds "6"]
[SourceTitle "Corr 2013"]
[Source "ChessBase"]
[SourceDate "2012.11.12"]
[SourceVersion "1"]
[SourceVersionDate "2012.11.12"]
[SourceQuality "1"]

1. e4 e6 2. d4 d5 3. Nc3 Nf6 4. Bg5 Bb4 5. e5 h6 6. Be3 Ne4 7. Nge2 c5 8. dxc5 Nc6 9. a3 Nxc3 10. Nxc3 Bxc3+ 11. bxc3 Nxe5 12. Bf4 Ng6 13. Bd6 Qa5 14. Qd4 f6 15. Bd3 Ne7 16. 0-0 Qd8 17. c4 dxc4 18. Qxc4 0-0 19. Rfe1 Re8 20. Rad1 Bd7 21. Qe4 f5 22. Qxb7 Bc6 23. Qa6 Qd7 24. Bxe7 Rxe7 25. Bb5 Bxb5 26. Rxd7 1-0

[Event "FICGS class B 000138 email"]
[Site "FICGS email"]
[Date "2011.02.09"]
[Round "1"]
[White "Kofinas, Xristos"]
[Black "Velasco, Josep"]
[Result "0-1"]
[WhiteElo "1946"]
[BlackElo "1800"]
[PlyCount "24"]
[EventDate "2011.??.??"]
[EventType "tourn (corr)"]
[EventRounds "6"]
[SourceTitle "Corr 2013"]
[Source "ChessBase"]
[SourceDate "2012.11.12"]
[SourceVersion "1"]
[SourceVersionDate "2012.11.12"]
[SourceQuality "1"]

1. d4 Nf6 2. c4 e6 3. Nc3 Bb4 4. e3 0-0 5. Bd3 c5 6. Nf3 d5 7. a3 Bxc3+ 8. bxc3 Qc7 9. Qc2 b6 10. 0-0 dxc4 11. Bxc4 cxd4 12. cxd4 Ba6 0-1